India... or Pakistan? (Part 2) - Statistics

General Stats
  • This quiz has been taken 179 times
  • The average score is 7 of 10
Answer Stats
Question Answer % Correct
Has a higher GDP per capita India
100%
Has a border with Myanmar India
88%
Has Arif Alvi as the current President (both countries have presidents by the way) Pakistan
81%
Has had a woman Prime Minister Both
75%
The Indus River flows through... Both
75%
Is where Osama bin Laden was found and eliminated by US troops in 2011 Pakistan
75%
Does not recognize Armenia Pakistan
69%
The majority religion makes up a smaller percentage of the overall population India
56%
Has a famous singing show called Coke Studio Both
25%
Contains the mountain Kailash Neither
13%
No matching quizzes found
Score Distribution
Percent of People with Each Score
Percentile by Number Answered
Your Score History
You have not taken this quiz